<?xml version="1.0" encoding="UTF-8"?><?xml-stylesheet type="text/xsl" href="static/style.xsl"?><OAI-PMH xmlns="http://www.openarchives.org/OAI/2.0/" xmlns:xsi="http://www.w3.org/2001/XMLSchema-instance" xsi:schemaLocation="http://www.openarchives.org/OAI/2.0/ http://www.openarchives.org/OAI/2.0/OAI-PMH.xsd"><responseDate>2026-04-18T02:26:01Z</responseDate><request verb="GetRecord" identifier="oai:riubu.ubu.es:10259/7807" metadataPrefix="marc">https://riubu.ubu.es/oai/request</request><GetRecord><record><header><identifier>oai:riubu.ubu.es:10259/7807</identifier><datestamp>2024-06-20T22:42:15Z</datestamp><setSpec>com_10259_2699</setSpec><setSpec>col_10259_2703</setSpec></header><metadata><record xmlns="http://www.loc.gov/MARC21/slim" xmlns:doc="http://www.lyncode.com/xoai" xmlns:xsi="http://www.w3.org/2001/XMLSchema-instance" xmlns:dcterms="http://purl.org/dc/terms/" xsi:schemaLocation="http://www.loc.gov/MARC21/slim http://www.loc.gov/standards/marcxml/schema/MARC21slim.xsd">
<leader>00925njm 22002777a 4500</leader>
<datafield tag="042" ind1=" " ind2=" ">
<subfield code="a">dc</subfield>
</datafield>
<datafield tag="720" ind1=" " ind2=" ">
<subfield code="a">Armas Junco, Laura</subfield>
<subfield code="e">author</subfield>
</datafield>
<datafield tag="260" ind1=" " ind2=" ">
<subfield code="c">2022</subfield>
</datafield>
<datafield tag="520" ind1=" " ind2=" ">
<subfield code="a">La Diabetes Mellitus Tipo 1 (DM1) es una enfermedad metabólica crónica&#xd;
degenerativa, debida a la destrucción de las células beta productoras de insulina. Se&#xd;
estima que se producen cada año 1.200 nuevos casos entre menores de 14 años, estando&#xd;
afectados unos 15.500 niños y adolescentes (menores de 19 años).&#xd;
La elevada incidencia de la DM1, aumenta las posibilidades de que los docentestengan&#xd;
en su clase alumnado con esta enfermedad.&#xd;
El objetivo general de esta tesis doctoral fue conocer las necesidades que tiene el&#xd;
alumnado con DM1 durante su jornada escolar desde la perspectiva del profesorado y&#xd;
progenitores.&#xd;
El estudio se desarrolló en los cursos 2018/2019 a 2020/2021. Se realizó un diseño de&#xd;
investigación explicativo, secuencial, de métodos mixtos. Se administró un&#xd;
cuestionario a 652 profesores/as en activo de Educación Infantil, Educación Primaria,&#xd;
Educación Secundaria Obligatoria, Bachillerato y Formación Profesional de Burgos&#xd;
capital y provincia (Castilla y León, España) que ha tenido alumnado con DM1. Se&#xd;
complementó la información obtenida con un diseño cualitativo fenomenológico. Se&#xd;
realizaron entrevistas semiestructuras a 11 docentes, 4 mujeres y 7 hombres, de centros&#xd;
educativos de titularidad pública y concertada de la provincia de Burgos y a 10 madres&#xd;
y 5 padres, socios de la Asociación de Diabéticos de Burgos (ASDIBUR), con menores&#xd;
afectados por DM1 escolarizados en estos centros.&#xd;
Los resultados muestran que el profesorado tiene una actitud positiva hacia el&#xd;
alumnado con DM1, aunque demanda más información y formación sobre la&#xd;
enfermedad para atender las necesidades del alumnado.&#xd;
Es importante concienciar a la comunidad educativa sobre las necesidades del&#xd;
alumnado con DM1 y dar pautas de actuación al profesorado y al personal del centro&#xd;
ante situaciones de emergencia.</subfield>
</datafield>
<datafield tag="520" ind1=" " ind2=" ">
<subfield code="a">Type 1 Diabetes Mellitus (T1DM), is a chronic degenerative metabolic illness, due to&#xd;
the destruction of the insulin-producing beta cells. An estimated 1.200 new cases are&#xd;
reported each year among children under 14 years old, affecting some 15.500 children&#xd;
and adolescents (under 19 years old).&#xd;
The high incidence of Type 1 Diabetes Mellitus (T1DM), increases the likelihood of&#xd;
teachers having students with this illness.&#xd;
The general objective of this doctoral thesis was to know the needs of students with&#xd;
T1DM during the school day from the perspective of teachers and parents.&#xd;
The study was developed over the academic years 2018/2019 to 2020/2021. An&#xd;
explanatory, sequential, mixed methods study was designed. A questionnaire was&#xd;
administered to practicing teachers in Pre-primary Education, Primary Education,&#xd;
Compulsory Secondary Education, and Further Education, as well as Vocational&#xd;
Education within both the province and the city of Burgos (Castile and Leon, Spain)&#xd;
who may have students with T1DM.&#xd;
The information gathered was complemented with a qualitative phenomenological&#xd;
design. Semi-structured interviews were conducted with 11 teachers, 4 women and 7&#xd;
men, from public sector and state-aided educational centres within the province of&#xd;
Burgos, and 10 mothers and 5 fathers, members of the Burgos Diabetics Association&#xd;
(ASDIBUR), of children affected by T1DM enrolled at these centres.&#xd;
The results show that teachers have a positive attitude towards students with T1DM,&#xd;
although they demand more information and training about the disease to providing&#xd;
attention to the students’ needs.&#xd;
It is important to raise the awareness of the educational community on the needs of&#xd;
students with DM1 and to provide guidelines on emergency situations to teachers and&#xd;
staff at the centres.</subfield>
</datafield>
<datafield tag="024" ind2=" " ind1="8">
<subfield code="a">http://hdl.handle.net/10259/7807</subfield>
</datafield>
<datafield tag="024" ind2=" " ind1="8">
<subfield code="a">10.36443/10259/7807</subfield>
</datafield>
<datafield ind1=" " ind2=" " tag="653">
<subfield code="a">Atención educativa</subfield>
</datafield>
<datafield ind1=" " ind2=" " tag="653">
<subfield code="a">Centro educativo</subfield>
</datafield>
<datafield ind1=" " ind2=" " tag="653">
<subfield code="a">Diabetes mellitus</subfield>
</datafield>
<datafield ind1=" " ind2=" " tag="653">
<subfield code="a">Diabetes mellitus tipo 1</subfield>
</datafield>
<datafield ind1=" " ind2=" " tag="653">
<subfield code="a">Enfermedad</subfield>
</datafield>
<datafield ind1=" " ind2=" " tag="653">
<subfield code="a">Familia</subfield>
</datafield>
<datafield ind1=" " ind2=" " tag="653">
<subfield code="a">Insulina</subfield>
</datafield>
<datafield ind1=" " ind2=" " tag="653">
<subfield code="a">Profesorado</subfield>
</datafield>
<datafield ind1=" " ind2=" " tag="653">
<subfield code="a">Educational care</subfield>
</datafield>
<datafield ind1=" " ind2=" " tag="653">
<subfield code="a">Educational centre</subfield>
</datafield>
<datafield ind1=" " ind2=" " tag="653">
<subfield code="a">Type 1 diabetes mellitus</subfield>
</datafield>
<datafield ind1=" " ind2=" " tag="653">
<subfield code="a">Illness</subfield>
</datafield>
<datafield ind1=" " ind2=" " tag="653">
<subfield code="a">Family</subfield>
</datafield>
<datafield ind1=" " ind2=" " tag="653">
<subfield code="a">Insulin</subfield>
</datafield>
<datafield ind1=" " ind2=" " tag="653">
<subfield code="a">Teachers</subfield>
</datafield>
<datafield tag="245" ind1="0" ind2="0">
<subfield code="a">La inclusión del alumnado con diabetes mellitus tipo 1 en el ámbito escolar</subfield>
</datafield>
</record></metadata></record></GetRecord></OAI-PMH>